000 00605nam a2200217Ia 4500
005 20250508164513.0
008 008 250505s9999 xx 000 0 eng d
020 _a81-85674-53-1
037 _aTextual
040 _aFEDL
_beng
_cFEDL
041 _aeng
_2eng
084 _a338.954, BAR
_qFEDL
100 _aBardhan Pranab
245 0 _aPolitcal economy of development in India
260 _aNew York, USA
_bBasil Blackwell Ltd.
_c1989
300 _aviii,118p.
365 _aINR
_b150
650 _aEconomic conditions
942 _cTEXL
_h338.954, BAR
999 _c1389466
_d1389466